| 000 | 00568nam a2200229Ia 4500 | ||
|---|---|---|---|
| 005 | 20250425161807.0 | ||
| 008 | 250425s9999 xx 000 0 und d | ||
| 020 | _a0063639564 | ||
| 041 | _aspa | ||
| 082 | _a515.3376 | ||
| 100 | _aGERBER, LEON | ||
| 245 | 0 | _aSOLUCIONARIO PARA EL LIBRO DE LEITHOLD EL CALCULO CON GEOMETRIA ANALITICA (SEXTA EDICION) | |
| 250 | _a6A ED. | ||
| 260 | _aMEXICO | ||
| 260 |
_aMéxico _bHARLA _c1990 |
||
| 300 | _a613 | ||
| 650 | _aCALCULO | ||
| 650 | _aSOLUCIONARIO | ||
| 650 | _aVECTORES | ||
| 942 | _c01 | ||
| 010 | _a29408 | ||
| 999 |
_c216209 _d216209 |
||